00727nam a2200205 a 45000010005000000030009000050080041000140200015000550400028000700820015000981000035001132450036001482500007001842600038001913000008002295000229002376500021004666500017004876500017005045758CO-ViMGA141112s2004 ck r 000 u spa d a8471143054 aCO-ViMGAbspacCO-ViMGA04a634.95 G451 aGil - Albert Velarde, Fernando10aTratado de arboricultura frutal a3a aMadrid : bMundi - prensa, c1992 a4 v aContenido : V.1, Morfología y fisiología del árbol frutal; V.2, La ecología del árbol frutal; V.3, Tecnicas de plantación de especies frutales; V.4, Tecnicas de mantenimiento del suelo en plantaciones frutales. 14aARBOLES FRUTALES14aFRUTICULTURA14aSILVICULTURA